La palabra encarnada (Record no. 59954)

MARC details
000 -LEADER
fixed length control field 03092cam a2200349Mu 4500
003 - CONTROL NUMBER IDENTIFIER
control field URS
005 - DATE AND TIME OF LATEST TRANSACTION
control field 20221125082326.0
008 - FIXED-LENGTH DATA ELEMENTS--GENERAL INFORMATION
fixed length control field 220820s2021 ag o ||| 0 spa d
040 ## - CATALOGING SOURCE
Original cataloging agency EBLCP
Language of cataloging eng
Transcribing agency EBLCP
Modifying agency JSTOR
-- EBLCP
-- OCLCF
Transcribing agency URS
020 ## - INTERNATIONAL STANDARD BOOK NUMBER
International Standard Book Number 9789877229332
020 ## - INTERNATIONAL STANDARD BOOK NUMBER
International Standard Book Number 9877229331
050 #4 - LIBRARY OF CONGRESS CALL NUMBER
Classification number JA76
Item number .G669 2021
100 1# - MAIN ENTRY--PERSONAL NAME
Personal name González, Horacio.
245 10 - TITLE STATEMENT
Title La palabra encarnada
Medium [electronic resource].
260 ## - PUBLICATION, DISTRIBUTION, ETC.
Place of publication, distribution, etc. Buenos Aires :
Name of publisher, distributor, etc. CLACSO,
Date of publication, distribution, etc. 2021.
300 ## - PHYSICAL DESCRIPTION
Extent 1 online resource (770 p.)
500 ## - GENERAL NOTE
General note Description based upon print version of record.
505 0# - FORMATTED CONTENTS NOTE
Formatted contents note LA PALABRA ENCARNADA: ENSAYO, POLÍTICA Y NACIÓN -- PÁGINA LEGAL -- ÍNDICE -- OFICIO Y PERSEVERANCIA: EL ENSAYO COMO MÉTODO -- CUESTIONES DE MÉTODO -- ELOGIO DEL ENSAYO* -- PARA UNA SOCIOLOGÍA DE LA VOZ* -- FILOGENIA ARGENTINA: OFICIOS DE UNA POLÍTICA NUEVA* -- POBREZA Y MISERIA, LA ESTRUCTURA MORAL DE LOS CONCEPTOS* -- EL ARCHIVO COMO TEORÍA DE LA CULTURA* -- CONTRA EL IMPERIO DEL ETHOS BUROCRÁTICO* -- EL BAQUEANO -- FOTOCOPIAS ANILLADAS* -- JOSÉ MARÍA RAMOS MEJÍA: INQUISICIÓN, LOCURA Y GENIO* -- LOS PUEBLOS BÁRBAROS* -- MISTICISMO Y FOLLETÍN. EL CASO DE LA RAZÓN DE MI VIDA*
505 8# - FORMATTED CONTENTS NOTE
Formatted contents note JUAN JOSÉ HERNÁNDEZ ARREGUI. EL INTELECTUAL A CONTRAPELO* -- Y LA NAVE VA* -- EL VIEJO TOPO -- LA MITAD DE UN ECHARPE O UN CANTO INCONCLUSO* -- HERENCIAS Y ESPECTROS* -- WALTER BENJAMIN. REVOLUCIÓN TÉCNICA Y EXPERIENCIA SAGRADA* -- LEÓN TROTSKY O EL ÉXTASIS REVOLUCIONARIO* -- JOSÉ CARLOS MARIÁTEGUI. MARXISMO Y MODERNIDAD* -- REFLEJOS DE UNA VIDA -- ENVIDO, UN FRENTE INTELECTUAL EN EL LODO DEL LENGUAJE POLÍTICO* -- PASADO Y PRESENTE: LA TRAGEDIA DE LOS GRAMSCIANOS ARGENTINOS* -- UN GRITO EN EL PATIO ANDALUZ* -- ROBERTO CARRI: BANDOLERISMO Y ENSAYO SOCIAL* -- SILUETA DE OSCAR LANDI*
505 8# - FORMATTED CONTENTS NOTE
Formatted contents note LA CARTA DE DEL BARCO* -- LA EXPRESIÓN AMERICANA -- MEDITACIONES BRASILEÑAS* -- JERGAS, LENGUAS, IDIOMAS* -- DAVID VIÑAS, LA ESCUDERÍA DEL LENGUAJE* -- LITERATURA CANÍBAL Y FILOSOFÍA DEL RECHAZO* -- LA LARGA RISA DE LAS COSAS -- LA PICARESCA EN LAS CIENCIAS SOCIALES* -- PARA UN NIRVANA DE LOS OBJETOS* -- NIETZSCHE: TRAGEDIA Y ALEGORÍA DE LA METAMORFOSIS* -- EL PERFRINGO* -- SOLANAS Y EL BERGANTÍN DE LA MODERNIDAD* -- CONCEPTOS PARA LA POLÍTICA -- FASCISMO, ACONTECIMIENTO, TEMPORALIDAD* -- EL FASCISMO COMO CONSIGNA* -- HANNAH ARENDT CASI ARGENTINA* -- HUMANISMO Y TERROR* -- SOBRE EL AUTOR
500 ## - GENERAL NOTE
General note SOBRE LOS COMPILADORES
590 ## - LOCAL NOTE (RLIN)
Local note JSTOR
Provenance (VM) [OBSOLETE] Books at JSTOR Open Access
650 #0 - SUBJECT ADDED ENTRY--TOPICAL TERM
Topical term or geographic name entry element Essay.
Authority record control number or standard number http://id.loc.gov/authorities/subjects/sh85044913
650 #0 - SUBJECT ADDED ENTRY--TOPICAL TERM
Topical term or geographic name entry element Political science.
Authority record control number or standard number http://id.loc.gov/authorities/subjects/sh85104440
650 #7 - SUBJECT ADDED ENTRY--TOPICAL TERM
Topical term or geographic name entry element POLITICAL SCIENCE / World / Caribbean & Latin American
Source of heading or term bisacsh
650 #7 - SUBJECT ADDED ENTRY--TOPICAL TERM
Topical term or geographic name entry element Essay.
Source of heading or term fast
Authority record control number or standard number (OCoLC)fst01198491
650 #7 - SUBJECT ADDED ENTRY--TOPICAL TERM
Topical term or geographic name entry element Political science.
Source of heading or term fast
Authority record control number or standard number (OCoLC)fst01069781
776 08 - ADDITIONAL PHYSICAL FORM ENTRY
Relationship information Print version:
Main entry heading González, Horacio
Title La palabra encarnada: ensayo, política y nación
Place, publisher, and date of publication Buenos Aires : CLACSO,c2021
856 40 - ELECTRONIC LOCATION AND ACCESS
Uniform Resource Identifier <a href="https://www.jstor.org/stable/10.2307/j.ctv2v88cgv">https://www.jstor.org/stable/10.2307/j.ctv2v88cgv</a>
942 ## - ADDED ENTRY ELEMENTS (KOHA)
Source of classification or shelving scheme Library of Congress Classification
Koha item type E-Book
994 ## -
-- 92
-- PHURS
Holdings
Withdrawn status Source of classification or shelving scheme Damaged status Not for loan Home library Current library Date acquired Total Checkouts Date last seen Price effective from Koha item type
  Library of Congress Classification   Not For Loan JSTOR Open Access Books JSTOR Open Access Books 09/22/2022   09/22/2022 09/22/2022 E-Book

University of Rizal System
Email us at univlibservices@urs.edu.ph

Visit our Website www.urs.edu.ph/library